| 000 | 00592cam a2200217ua 4500 | ||
|---|---|---|---|
| 001 | 8457 | ||
| 005 | 20260515114334.0 | ||
| 008 | 150130n ii |||gr||||Z||||||eng | ||
| 020 | _a8187606622 | ||
| 040 | _cMAIN | ||
| 041 | _aeng | ||
| 082 | _a820 | ||
| 100 |
_aBhattacharjee, S., _eAuthor. |
||
| 245 | 1 |
_aPost-colonial literature : _bEssays on gender, theory and genres / _cBy Sukalpa Bhattacharjee . |
|
| 250 | _a1st. | ||
| 260 |
_aNew Delhi: _bAkansha, _c2004. |
||
| 300 | _a132p. | ||
| 653 | _aEnglish.& Old English literatures | ||
| 653 | _aPost colonial literature | ||
| 942 | _cBK | ||
| 999 |
_c7559 _d7559 |
||